Vista normal
Vista MARC
Entrada Personal Name
Número de registros utilizados en: 1
001 - CONTROL NUMBER
- control field: 10738
003 - CONTROL NUMBER IDENTIFIER
- control field: DLC
005 - DATE AND TIME OF LATEST TRANSACTION
- control field: 20200311105645.0
008 - FIXED-LENGTH DATA ELEMENTS
- fixed length control field: 800624n| azannaabn |a aaa
010 ## - LIBRARY OF CONGRESS CONTROL NUMBER
- LC control number: n 50031667
035 ## - SYSTEM CONTROL NUMBER
- System control number: (OCoLC)oca00067026
040 ## - CATALOGING SOURCE
- Original cataloging agency: DLC
- Language of cataloging: spa
- Description conventions: rda
- Transcribing agency: Mx-PuUPA
- Modifying agency: DLC
- Modifying agency: ICrlF
- Modifying agency: Mx-PuUPA
046 ## - SPECIAL CODED DATES
- Birth date: 1923-07-25
- Death date: 2007-04-05
- Source of date scheme: edtf
100 1# - HEADING--PERSONAL NAME
- Personal name: Gripe, Maria,
- Dates associated with a name: 1923-2007
370 ## - ASSOCIATED PLACE
- Place of birth: Vaxholm (Sweden)
- Place of death: Rönninge (Stockholms län, Sweden)
- Source of term: naf
372 ## - FIELD OF ACTIVITY
- Field of activity: Children's literature
- Field of activity: Young adult literature
- Source of term: lcsh
374 ## - OCCUPATION
- Occupation: Authors
- Source of term: lcsh
375 ## - GENDER
- Gender: Women
- Source of term: lcsh
377 ## - ASSOCIATED LANGUAGE
- Language code: swe
400 1# - SEE FROM TRACING--PERSONAL NAME
- Personal name: Walter, Maria,
- Dates associated with a name: 1923-2007
400 1# - SEE FROM TRACING--PERSONAL NAME
- Personal name: Walter, Maja Stina,
- Dates associated with a name: 1923-2007
670 ## - SOURCE DATA FOUND
- Source citation: Her I vår lilla stad, 1954.
670 ## - SOURCE DATA FOUND
- Source citation: Swedish Wikipedia WWW site, Apr. 6, 2007
- Information found: (Maria Gripe; b. Maria Walter, July 25, 1923, Vaxholm; d. Apr. 5, 2007; Swedish author of children's and young adult literature)
670 ## - SOURCE DATA FOUND
- Source citation: Wikipedia, June 20, 2016
- Information found: (Maria Gripe, born Maja Stina Walter (25 July 1923, Vaxholm, Sweden-5 April 2007, Rönninge, Sweden), was a Swedish author of books for children and young adults, often written in a magical and mystical tone. For her lasting contribution to children's literature she received the Hans Christian Andersen Medal for Writing in 1974.)
670 ## - SOURCE DATA FOUND
- Source citation: Los hijos del vidriero, 2016:
- Information found: t.p. (Maria Gripe) de portada
670 ## - SOURCE DATA FOUND
- Source citation: Biblioteca del congreso (Estados Unidos), 11 marzo 2020:
- Information found: Catálogo electrónico
- Uniform Resource Identifier: http://bit.ly/3cIYKvI